000 00481nam a2200145Ia 4500
008 090124s9999 xx 000 0 und d
082 _b400413
245 _a नेताजी सुभाषचंद्र बोस
250 _a1
260 _bवाळिंबे मो.मा.
_c1978
300 _a20
630 _a नेताजी सुभाषचंद्र बोस
730 _a नेताजी सुभाषचंद्र बोस
942 _cBOOK
999 _c196334
_d196334